000 00577nam a22001937a 4500
005 20251108164237.0
008 250721s1994 xx 000 0 ara d
082 1 4 _a628/لاف
100 1 _aاللافي، محمد خلف
245 1 0 _aالتلوث البيئي بين الإسلام و القانون الدولي و التطبيق الأردني /
264 1 _aعمان :
_bالمؤلف،
_c1994.
300 _a134ص.
650 1 7 _aالتلوث
650 1 7 _aالبيئة
650 1 7 _aالإسلام
650 1 7 _aالأردن
942 _2ddc
_cBK
999 _c7287
_d7287